The Hyperlinked Society
| Titel: | The Hyperlinked Society : Questioning Connections in the Digital Age / Joseph Turow and Lokman Tsui, editors |
|---|---|
| Beteiligt: | ; |
| Veröffentlicht: | Ann Arbor : University of Michigan Press, 2008 |
| Umfang: | 1 Online-Ressource (319 p.) : Ill., maps |
| Format: | E-Book |
| Sprache: | Englisch |
| RVK-Notation: |
·
·
·
|
| ISBN: | 9780472024537 ; 0472024531 ; 9780472070435 ; 0472070436 ; 9780472050437 ; 0472050435 |
alg: 42743971 001A $06055:12-03-18 001B $06055:01-03-26 $t19:03:05.000 001D $06055:12-03-18 001U $0utf8 001X $00 002@ $0Oax 002C $aText $btxt $2rdacontent 002D $aComputermedien $bc $2rdamedia 002E $aOnline-Ressource $bcr $2rdacarrier 003@ $042743971X 004A $A978-0-472-02453-7 004A $00-472-02453-1 004O $A978-0-472-07043-5 $Sp $f(cloth 004O $00-472-07043-6 $Sp $f(cloth 004O $A978-0-472-05043-7 $Sp $f(pbk. 004O $00-472-05043-5 $Sp $f(pbk. 006C $0587601952 $aOCoLC 007A $042743971X $aHEB 007I $0muse-6387 009Q $S0 $uhttps://muse.jhu.edu/book/6387/ $xH 010@ $aeng 011@ $a2008 $n2008 017B $aZDB-6-PMOA 021A $aThe @Hyperlinked Society $dQuestioning Connections in the Digital Age $hJoseph Turow and Lokman Tsui, editors 028C $aTsui $dLokman 028C $#J. G. T. $#Turow, Joseph Gregory $D20231015 $Ecgwrk $7137243421 $8Turow, Joseph$Z1950- [Tp3] $9208880496 033A $pAnn Arbor $nUniversity of Michigan Press 033E $pBaltimore, Md. $nProject MUSE 034D $a1 Online-Ressource (319 p.) 034M $aIll., maps 037A $a"Digital culture books"--Ser. t.p 037A $aIncludes bibliographical references (p. 289-303) and index 037A $aDescription based on print version record 044A $aDigital media $xSocial aspects $N650 044A $aInternet $xSocial aspects $N650 044A $aElectronic books $2local $N655 044K $RSein $D20251120 $Ecgmnf $74020588-5 $8Gesellschaft [Tsz] $9085049611 044K $#Human behavior $#Behavior $#Animal behavior $#Comportement animal $#Comportement humain $#Etologia $#Animales Conducta $#Conducta $#behaviour $#Verhalten $#Verhalten $#Mensch Verhalten $#Menschliches Verhalten $D20251120 $Ecgmnf $74062860-7 $8Verhalten [Ts1] $9085175765 044K $RFortschritt $RWandel $RSoziale Evolution $#Social change $#Changement social $#Gesellschaft Strukturwandel $#Gesellschaft Wandel $#Gesellschaftlicher Wandel $#Gesellschaftswandel $#Soziale Änderung $#Soziale Veränderung $#Gesellschaft Strukturelle Anpassung $D20251120 $Ecgmnf $74077587-2 $8Sozialer Wandel [Ts1] $9085219908 044K $RElektronische Medien $RNeue Technologie $RTelekommunikation $RInformationstechnik $#Digital media $#Médias numériques $#Medios digitales $#Digital Media $#Digitale Medien $#neue Medien $#Digitale Medien $#Digitale Medien $D20251120 $Ecgmnf $74196910-8 $8Neue Medien [Ts1] $9085989622 044K $RMultimedia $#Interactive multimedia $#Multimédias interactifs $#Multimedia interactivos $#Hypermedia $D20251120 $Ecgmnf $74233581-4 $8Hypermedia [Ts1] $9086221035 044K $RDatenautobahn $RARPANet $RRechnernetz $RTCP/IP $#Internet $#Internet $#Internet $#Internet $#internet $#Internet $#Internet $#Internet $#Internet $D20251120 $Ecgmnf $74308416-3 $8Internet [Ts1] $9086690205 044K $RHypermedia $RInternet $#World Wide Web $#Web $#World Wide Web $#World Wide Web (Sistema de recuperación de la información) $#world wide web $#WWW $D20251120 $Ecgmnf $74363898-3 $8World Wide Web [Ts1] $908830051X 044K $RNeue Medien $#Online-Medien $D20251120 $Ecgmnf $74535907-6 $8Online-Medien [Ts1] $9089401360 044K $RHypertext $RWebGraph $#Link Hypertext $#Hypertext Verweisung $#Hypermedia Verweisung $#Querverweis Hypertext $#Querverweis Hypermedia $D20251120 $Ecgmnf $74617682-2 $8Hyperlink [Ts1] $9094874360 045B $a303.48/33 $eDDC22eng 045E $c020 $c300 045Z $D20251120 $Ecgmnf $8MS 7965 [Tkv] $9410835250 045Z $D20251120 $Ecgmnf $8AP 18420 [Tkv] $9407304576 045Z $D20251120 $Ecgmnf $8AP 15950 [Tkv] $9407303545 045Z $D20251120 $Ecgmnf $8LC 13000 [Tkv] $9409647349 lok: 42743971 3 exp: 42743971 3 1 #EPN 201B/01 $012-03-18 $t22:49:50.445 201U/01 $0utf8 203@/01 $01019678607 208@/01 $a12-03-18 $bl 209S/01 $S0 $uhttps://muse.jhu.edu/book/6387/ $XH lok: 42743971 5 exp: 42743971 5 1 #EPN 201B/01 $023-03-18 $t23:10:25.000 201U/01 $0utf8 203@/01 $01020168609 208@/01 $a23-03-18 $bl 209S/01 $S0 $uhttps://muse.jhu.edu/book/6387/ $XH lok: 42743971 8 exp: 42743971 8 1 #EPN 201B/01 $012-03-18 $t22:49:50.450 201U/01 $0utf8 203@/01 $01019678615 208@/01 $a12-03-18 $bl 209S/01 $S0 $uhttps://muse.jhu.edu/book/6387/ $XH lok: 42743971 10 exp: 42743971 10 1 #EPN 201B/01 $012-03-18 $t22:49:50.455 201U/01 $0utf8 203@/01 $01019678623 208@/01 $a12-03-18 $bl 209S/01 $S0 $uhttps://muse.jhu.edu/book/6387/ $XH lok: 42743971 11 exp: 42743971 11 1 #EPN 201B/01 $023-03-18 $t23:10:25.004 201U/01 $0utf8 203@/01 $01020168617 208@/01 $a23-03-18 $bl 209S/01 $S0 $uhttps://muse.jhu.edu/book/6387/ $XH lok: 42743971 13 exp: 42743971 13 1 #EPN 201B/01 $023-03-18 $t23:10:25.006 201U/01 $0utf8 203@/01 $01020168625 208@/01 $a23-03-18 $bl 209S/01 $S0 $uhttps://muse.jhu.edu/book/6387/ $XH lok: 42743971 20 exp: 42743971 20 1 #EPN 201B/01 $012-03-18 $t22:49:50.460 201U/01 $0utf8 203@/01 $01019678631 208@/01 $a12-03-18 $bl 209S/01 $S0 $uhttps://muse.jhu.edu/book/6387/ $XH lok: 42743971 21 exp: 42743971 21 1 #EPN 201B/01 $012-03-18 $t22:49:50.464 201U/01 $0utf8 203@/01 $0101967864X 208@/01 $a12-03-18 $bl 209S/01 $S0 $uhttps://muse.jhu.edu/book/6387/ $XH lok: 42743971 23 exp: 42743971 23 1 #EPN 201B/01 $012-03-18 $t22:49:50.469 201U/01 $0utf8 203@/01 $01019678658 208@/01 $a12-03-18 $bl 209S/01 $S0 $uhttps://muse.jhu.edu/book/6387/ $XH lok: 42743971 24 exp: 42743971 24 1 #EPN 201B/01 $023-03-18 $t23:10:25.012 201U/01 $0utf8 203@/01 $01020168633 208@/01 $a23-03-18 $bl 209S/01 $S0 $uhttps://muse.jhu.edu/book/6387/ $XH lok: 42743971 25 exp: 42743971 25 1 #EPN 201B/01 $012-03-18 $t22:49:50.474 201U/01 $0utf8 203@/01 $01019678666 208@/01 $a12-03-18 $bl 209S/01 $S0 $uhttps://muse.jhu.edu/book/6387/ $XH lok: 42743971 36 exp: 42743971 36 1 #EPN 201B/01 $026-07-22 $t22:56:18.687 201C/01 $026-07-22 201U/01 $0utf8 203@/01 $01210399946 208@/01 $a26-07-22 $bl 209S/01 $S0 $uhttps://muse.jhu.edu/book/6387/ $XH lok: 42743971 49 exp: 42743971 49 1 #EPN 201B/01 $023-03-18 $t23:10:25.018 201U/01 $0utf8 203@/01 $0102016865X 208@/01 $a23-03-18 $bl 209S/01 $S0 $uhttps://muse.jhu.edu/book/6387/ $XH lok: 42743971 51 exp: 42743971 51 1 #EPN 201B/01 $023-03-18 $t23:10:25.024 201U/01 $0utf8 203@/01 $01020168676 208@/01 $a23-03-18 $bl 209S/01 $S0 $uhttps://muse.jhu.edu/book/6387/ $XH lok: 42743971 54 exp: 42743971 54 1 #EPN 201B/01 $029-05-20 $t17:35:26.880 201C/01 $029-05-20 201U/01 $0utf8 203@/01 $01108702287 208@/01 $a29-05-20 $bl 209S/01 $S0 $uhttps://muse.jhu.edu/book/6387/ $XH lok: 42743971 59 exp: 42743971 59 1 #EPN 201B/01 $023-03-18 $t23:10:25.032 201U/01 $0utf8 203@/01 $01020168692 208@/01 $a23-03-18 $bl 209S/01 $S0 $uhttps://muse.jhu.edu/book/6387/ $XH lok: 42743971 69 exp: 42743971 69 1 #EPN 201B/01 $023-03-18 $t23:10:25.034 201U/01 $0utf8 203@/01 $01020168706 208@/01 $a23-03-18 $bl 209S/01 $S0 $uhttps://muse.jhu.edu/book/6387/ $XH lok: 42743971 74 exp: 42743971 74 1 #EPN 201B/01 $013-10-24 $t22:19:35.828 201C/01 $013-10-24 201U/01 $0utf8 203@/01 $01277868409 208@/01 $a13-10-24 $bl 209S/01 $S0 $uhttps://muse.jhu.edu/book/6387/ $XH lok: 42743971 76 exp: 42743971 76 1 #EPN 201B/01 $023-03-18 $t23:10:25.037 201U/01 $0utf8 203@/01 $01020168714 208@/01 $a23-03-18 $bl 209S/01 $S0 $uhttps://muse.jhu.edu/book/6387/ $XH lok: 42743971 107 exp: 42743971 107 1 #EPN 201B/01 $029-05-20 $t17:35:26.884 201C/01 $029-05-20 201U/01 $0utf8 203@/01 $01108702295 208@/01 $a29-05-20 $bl 209S/01 $S0 $uhttps://muse.jhu.edu/book/6387/ $XH lok: 42743971 108 exp: 42743971 108 1 #EPN 201B/01 $029-05-20 $t17:35:26.888 201C/01 $029-05-20 201U/01 $0utf8 203@/01 $01108702309 208@/01 $a29-05-20 $bl 209S/01 $S0 $uhttps://muse.jhu.edu/book/6387/ $XH lok: 42743971 204 exp: 42743971 204 1 #EPN 201B/01 $012-03-18 $t22:49:50.478 201U/01 $0utf8 203@/01 $01019678674 208@/01 $a12-03-18 $bl 209S/01 $S0 $uhttps://muse.jhu.edu/book/6387/ $XH lok: 42743971 205 exp: 42743971 205 1 #EPN 201B/01 $012-03-18 $t22:49:50.482 201U/01 $0utf8 203@/01 $01019678682 208@/01 $a12-03-18 $bl 209S/01 $S0 $uhttps://muse.jhu.edu/book/6387/ $XH
| LEADER | 00000cam a22000002c 4500 | ||
|---|---|---|---|
| 001 | 42743971X | ||
| 003 | DE-603 | ||
| 005 | 20260301190305.0 | ||
| 007 | cr|||||||||||| | ||
| 008 | 180312s2008 xx |||| o| u00||u|eng c | ||
| 020 | |a 9780472024537 | ||
| 020 | |a 0472024531 | ||
| 035 | |a (DE-599)HEB42743971X | ||
| 040 | |a DE-603 |b ger |c DE-603 |d DE-603 | ||
| 041 | |a eng | ||
| 082 | 7 | |a 303.48/33 |2 22/eng | |
| 084 | |a 020 |a 300 |q DE-101 |2 sdnb | ||
| 084 | |a MS 7965 |0 (DE-625)123801: |0 (DE-603)410835250 |2 rvk | ||
| 084 | |a AP 18420 |0 (DE-625)7052: |0 (DE-603)407304576 |2 rvk | ||
| 084 | |a AP 15950 |0 (DE-625)6960: |0 (DE-603)407303545 |2 rvk | ||
| 084 | |a LC 13000 |0 (DE-625)90622:772 |0 (DE-603)409647349 |2 rvk | ||
| 245 | 0 | 0 | |a The Hyperlinked Society |b Questioning Connections in the Digital Age |c Joseph Turow and Lokman Tsui, editors |
| 264 | 1 | |a Ann Arbor |b University of Michigan Press |c 2008 | |
| 264 | 2 | |a Baltimore, Md. |b Project MUSE | |
| 300 | |a 1 Online-Ressource (319 p.) |b Ill., maps | ||
| 336 | |a Text |b txt |2 rdacontent | ||
| 337 | |a Computermedien |b c |2 rdamedia | ||
| 338 | |a Online-Ressource |b cr |2 rdacarrier | ||
| 500 | |a "Digital culture books"--Ser. t.p | ||
| 500 | |a Includes bibliographical references (p. 289-303) and index | ||
| 500 | |a Description based on print version record | ||
| 650 | 7 | |a Gesellschaft |0 (DE-588)4020588-5 |0 (DE-603)085049611 |2 gnd | |
| 650 | 7 | |a Verhalten |0 (DE-588)4062860-7 |0 (DE-603)085175765 |2 gnd | |
| 650 | 7 | |a Sozialer Wandel |0 (DE-588)4077587-2 |0 (DE-603)085219908 |2 gnd | |
| 650 | 7 | |a Neue Medien |0 (DE-588)4196910-8 |0 (DE-603)085989622 |2 gnd | |
| 650 | 7 | |a Hypermedia |0 (DE-588)4233581-4 |0 (DE-603)086221035 |2 gnd | |
| 650 | 7 | |a Internet |0 (DE-588)4308416-3 |0 (DE-603)086690205 |2 gnd | |
| 650 | 7 | |a World Wide Web |0 (DE-588)4363898-3 |0 (DE-603)08830051X |2 gnd | |
| 650 | 7 | |a Online-Medien |0 (DE-588)4535907-6 |0 (DE-603)089401360 |2 gnd | |
| 650 | 7 | |a Hyperlink |0 (DE-588)4617682-2 |0 (DE-603)094874360 |2 gnd | |
| 700 | 1 | |a Tsui, Lokman | |
| 700 | 1 | |a Turow, Joseph |d 1950- |0 (DE-603)208880496 |0 (DE-588)137243421 |2 gnd | |
| 776 | 1 | |z 9780472070435 | |
| 776 | 1 | |z 0472070436 | |
| 776 | 1 | |z 9780472050437 | |
| 776 | 1 | |z 0472050435 | |
| 856 | |u https://muse.jhu.edu/book/6387/ |x Verlag |z kostenfrei | ||
| 912 | |a ZDB-6-PMOA | ||
| 924 | 1 | |9 603 |a (DE-603)1019678607 |b DE-603 |c HES |d d | |
| 924 | 1 | |9 603 |a (DE-603)1020168609 |b DE-603 |c HES |d d | |
| 924 | 1 | |9 603 |a (DE-603)1019678615 |b DE-603 |c HES |d d | |
| 924 | 1 | |9 603 |a (DE-603)1019678623 |b DE-603 |c HES |d d | |
| 924 | 1 | |9 603 |a (DE-603)1020168617 |b DE-603 |c HES |d d | |
| 924 | 1 | |9 603 |a (DE-603)1020168625 |b DE-603 |c HES |d d | |
| 924 | 1 | |9 603 |a (DE-603)1019678631 |b DE-603 |c HES |d d | |
| 924 | 1 | |9 603 |a (DE-603)101967864X |b DE-603 |c HES |d d | |
| 924 | 1 | |9 603 |a (DE-603)1019678658 |b DE-603 |c HES |d d | |
| 924 | 1 | |9 603 |a (DE-603)1020168633 |b DE-603 |c HES |d d | |
| 924 | 1 | |9 603 |a (DE-603)1019678666 |b DE-603 |c HES |d d | |
| 924 | 1 | |9 603 |a (DE-603)1210399946 |b DE-603 |c HES |d d | |
| 924 | 1 | |9 603 |a (DE-603)102016865X |b DE-603 |c HES |d d | |
| 924 | 1 | |9 603 |a (DE-603)1020168676 |b DE-603 |c HES |d d | |
| 924 | 1 | |9 603 |a (DE-603)1108702287 |b DE-603 |c HES |d d | |
| 924 | 1 | |9 603 |a (DE-603)1020168692 |b DE-603 |c HES |d d | |
| 924 | 1 | |9 603 |a (DE-603)1020168706 |b DE-603 |c HES |d d | |
| 924 | 1 | |9 603 |a (DE-603)1277868409 |b DE-603 |c HES |d d | |
| 924 | 1 | |9 603 |a (DE-603)1020168714 |b DE-603 |c HES |d d | |
| 924 | 1 | |9 603 |a (DE-603)1108702295 |b DE-603 |c HES |d d | |
| 924 | 1 | |9 603 |a (DE-603)1108702309 |b DE-603 |c HES |d d | |
| 924 | 1 | |9 603 |a (DE-603)1019678674 |b DE-603 |c HES |d d | |
| 924 | 1 | |9 603 |a (DE-603)1019678682 |b DE-603 |c HES |d d | |


